[Event "45th Olympiad 2024"]
[Site "Budapest HUN"]
[Date "2024.09.21"]
[Round "10.66"]
[Board "3"]
[White "Ouakhir, Mehdi Pierre"]
[Black "Alsaqer, Meshal"]
[Result "0-1"]
[WhiteElo "2191"]
[BlackElo "1815"]
[PlyCount "150"]
[EventDate "2024.09.11"]
[WhiteTeam "Morocco"]
[BlackTeam "Kuwait"]
[WhiteTeamCountry "MAR"]
[BlackTeamCountry "KUW"]

1. b3 d5 2. e3 Nf6 3. Bb2 c6 4. f4 Bg4 5. Nf3 Nbd7 6. h3 Bxf3 7. Qxf3 Qc7 8. d3 e6 9. g4 O-O-O 10. g5 $146 ({RR} 10. Nd2 Bd6 11. g5 Ne8 12. O-O-O e5 13. f5 f6 14. h4 Qa5 15. Kb1 Ba3 16. Bg2 Nb6 17. Ba1 Bb4 18. Qe2 Nd6 19. Rhf1 Nb5 20. c4 Na3+ 21. Kc1 Bc3 22. Bb2 dxc4 23. dxc4 Bxd2+ 24. Rxd2 Naxc4 {1-0 Grafl,F (2320)-Hertel,M (1941) GER-ch Net blitz qual1 2021 (7)}) 10... Ne8 11. Nd2 Nd6 12. h4 h6 13. e4 Rg8 14. a4 Qa5 15. c3 Qc7 16. b4 Re8 17. c4 dxe4 18. dxe4 Kb8 19. c5 Nc8 20. Nc4 f6 21. a5 Be7 22. Bh3 hxg5 23. Bxe6 Rh8 24. f5 Rxh4 25. Rxh4 gxh4 26. Bc1 Ne5 27. Nxe5 fxe5 28. Bb2 Bf6 29. Rd1 Rd8 30. Kf2 a6 31. Rd3 Na7 32. Qd1 Rxd3 33. Qxd3 Nb5 34. Kg2 Nd4 35. Kh3 Qd8 36. Bc4 Ka7 37. Bc1 Qe8 38. Qd1 g6 39. Qg4 gxf5 40. exf5 Qd7 41. Ba2 Nb5 42. Bc4 Nd4 43. Ba2 Qxf5 44. Qxf5 Nxf5 45. Bb1 Ne7 46. Kg4 Kb8 47. Bd2 Kc7 48. Be1 Kd7 49. Be4 Ke6 50. Bd2 Kd7 51. Be1 Kc7 52. Bd2 Nd5 53. Be1 Ne3+ 54. Kf3 Nd5 55. Kg4 Bd8 56. Kf5 Kd7 57. Bd2 h3 58. Be1 h2 59. Bg3 Nxb4 60. Bxh2 Be7 61. Kxe5 Bxc5 62. Bf5+ Kd8 63. Ke6 Nd5 64. Bg3 Be7 65. Bf2 Bb4 66. Bh4+ Kc8 67. Bg3 Nc7+ 68. Kf7+ Kb8 69. Bd7 Bxa5 70. Ke7 Ka7 71. Kd8 Nd5+ 72. Ke8 Bb6 73. Be5 a5 74. Bf5 Bc5 75. Kd7 a4 0-1

[Event "45th Olympiad 2024"]
[Site "Budapest HUN"]
[Date "2024.09.21"]
[Round "10.66"]
[Board "4"]
[White "Alabdaljader, Mohammed"]
[Black "NAIT ELASRI BRAHIM"]
[Result "0-1"]
[WhiteElo "1677"]
[BlackElo "1994"]
[PlyCount "162"]
[EventDate "2024.09.11"]
[WhiteTeam "Kuwait"]
[BlackTeam "Morocco"]
[WhiteTeamCountry "KUW"]
[BlackTeamCountry "MAR"]

1. e4 c5 2. b3 d6 3. Bb2 Nf6 4. Nc3 Nbd7 ({RR} 4... a6 5. f4 Nc6 6. Nf3 Bg4 7. h3 Bxf3 8. Qxf3 Nd4 9. Qd3 e6 10. O-O-O Qc7 11. g4 Be7 12. g5 Nd7 13. h4 O-O-O 14. Ne2 e5 15. Nc3 Nb6 16. a4 Kb8 17. Qg3 Rhe8 18. Rh2 Bf8 19. Rf2 {1-0 Morozevich,A (2731)-Gundavaa,B (2501) Wch Blitz 8th 2014 (3)}) ({RR} 4... a6 5. f4 b5 6. e5 Bg4 7. Be2 Bxe2 8. Qxe2 dxe5 9. fxe5 Nd5 10. e6 Nf6 11. exf7+ Kxf7 12. Nf3 h6 13. Ne5+ Kg8 14. Ng6 Qd6 15. Ne4 Qc6 16. Nxf6+ exf6 17. Nxh8 Kxh8 18. a4 b4 19. O-O-O {1-0 Sun,Y (2087)-Li,S ch-CHN GpB Men 2023 (1.17)}) 5. Bb5 a6 $146 ({RR} 5... e6 6. f4 a6 7. Bxd7+ Bxd7 8. Nf3 Bc6 9. d3 Be7 10. O-O O-O 11. Qe1 b5 12. h3 Nd7 13. Nd1 d5 14. Qg3 Bf6 15. Bxf6 Qxf6 16. e5 Qg6 17. Qh2 f6 18. exf6 Qxf6 19. f5 Qxa1 20. Qd6 {0-1 Guerrero Mendez,J (1768)-Goni Navarro,P (1978) ESP-ch U16 Salobrena 2015 (3)}) 6. Bxd7+ Bxd7 7. f4 Bc6 8. Qe2 e6 9. Nf3 b5 10. d3 Be7 11. O-O Nd7 12. a4 Bf6 13. Kh1 O-O 14. Nd1 Bxb2 15. Nxb2 Qf6 16. Ra2 d5 17. exd5 exd5 18. Ne5 Rae8 19. d4 bxa4 20. Qxa6 axb3 21. cxb3 Re6 22. f5 Rd6 23. dxc5 Nxc5 24. Qb6 Ne4 25. Qd4 Bb5 26. Rf3 Re8 27. Nbd3 Bxd3 28. Rxd3 Qxf5 29. Nf3 Rde6 30. h3 Qf4 31. Ra1 Ng3+ 32. Kh2 Ne4+ 33. Kg1 Rg6 34. Qe5 Qxe5 35. Nxe5 Rd6 36. Ra7 Rf8 37. b4 f6 38. Nf3 Rfd8 39. Nd4 R6d7 40. Rda3 Nd6 41. b5 Rxa7 42. Rxa7 Rb8 43. Ra1 Rb7 44. Rb1 Kf7 45. Kf2 Ke7 46. g4 g6 47. Ke3 Nc4+ 48. Kf4 Kd6 49. Ne2 Kc5 50. Nc3 Ra7 51. b6 Nxb6 52. Rxb6 Kxb6 53. Nxd5+ Kc5 54. Nxf6 Kd4 55. g5 Kd3 56. Kg3 Ke3 57. Nd5+ Ke4 58. Nf6+ Kf5 59. h4 h5 60. Kf3 Ra3+ 61. Kg2 Kf4 62. Kh2 Kf3 63. Kh3 Ra1 64. Kh2 Ra4 65. Kh3 Kf2 66. Nd5 Rd4 67. Nf6 Kg1 68. Kg3 Rd3+ 69. Kf4 Kh2 70. Ne4 Ra3 71. Ke5 Kh3 72. Kf6 Ra6+ 73. Kg7 Kxh4 74. Kh6 Kg4 75. Nf6+ Kf5 76. Nd5 Kg4 77. Nf6+ Kf5 78. Nd5 Ke5 79. Ne7 h4 80. Kg7 Ra7 81. Kf8 Rxe7 0-1

[Event "45th Olympiad 2024"]
[Site "Budapest HUN"]
[Date "2024.09.21"]
[Round "10.67"]
[Board "1"]
[White "Andrade, Ivan"]
[Black "Gontcharov, Serguei"]
[Result "1-0"]
[WhiteElo "2132"]
[BlackElo "1927"]
[PlyCount "85"]
[EventDate "2024.09.11"]
[WhiteTeam "Mozambique"]
[BlackTeam "Bermuda"]
[WhiteTeamCountry "MOZ"]
[BlackTeamCountry "BER"]

1. e4 c5 2. Nf3 e6 3. d4 cxd4 4. Nxd4 a6 5. Bd3 Bc5 6. Nb3 Ba7 7. O-O Nc6 8. Bf4 ({RR} 8. a4 Nf6 9. Nc3 O-O 10. Bf4 d6 11. Be2 Ne5 12. Qd2 Qc7 13. Rad1 Bb8 14. Bg3 Bd7 15. f3 Bc6 16. Nd4 Nh5 17. Bh4 Ng6 18. Nxc6 bxc6 19. Bf2 Nhf4 20. g3 Nh3+ 21. Kg2 Nxf2 22. Rxf2 d5 {0-1 Zhu,G-Xu,Z (1713) Chinese Youth U16 2024 (3.8)}) 8... Qf6 $146 ({RR} 8... Nge7 9. c4 d6 10. Qd2 O-O 11. Nc3 Ng6 12. Be3 Bxe3 13. Qxe3 e5 14. Nd5 Be6 15. Rfc1 Nce7 16. Rc2 f5 17. exf5 Nxd5 18. cxd5 Bxf5 19. Rac1 Bxd3 20. Qxd3 Nf4 21. Qe4 Qd7 22. Na5 Rf6 23. Nc4 {0-1 Shagalovich,A-Shestoperov,A URS-chT Republics 08th final A 1962 (7.6)}) ({RR} 8... e5 9. Be3 Nge7 10. Bxa7 Rxa7 11. c4 d6 12. Qd2 O-O 13. Rd1 Be6 14. Bf1 b6 15. Nc3 Rd7 16. Nd5 Qb8 17. Qe3 Rb7 18. Rac1 Rd8 19. Rc3 Ng6 20. a3 h6 21. Rcc1 Nf8 22. Nb4 Nxb4 23. axb4 {½-½ Luther,T (2490)-Lau,R (2480) Bundesliga 9192 1991 [2]}) ({RR} 8... e5 9. Bg3 d6 10. Nc3 h5 11. h3 h4 12. Bh2 Be6 13. Kh1 g5 14. f3 Nf6 15. Bg1 Bxg1 16. Rxg1 Nh5 17. Qd2 Nf4 18. Rgd1 Qb6 19. Nd5 Bxd5 20. exd5 Ne7 21. c4 O-O-O 22. Bf1 Kb8 23. Rac1 {½-½ Heil,S (2309)-Neukirch,D (2272) GER-chT Seniors 11th 2002 (3.2)}) ({RR} 8... d6 9. c4 e5 10. Bd2 Nf6 11. Nc3 O-O 12. Bg5 h6 13. Bd2 Bg4 14. Be2 Be6 15. Be3 Bxe3 16. fxe3 Rc8 17. Rf3 Kh7 18. Qf1 Qb6 19. Nd5 Bxd5 20. c5 dxc5 21. exd5 Ne7 22. Nd2 Nexd5 23. Nc4 {0-1 Severri Arrese,C (2145)-Ibanez Tarradellas,E (2355) Sant Boi op 1998 (2)}) 9. Bd6 Nge7 10. a4 O-O 11. c3 e5 12. Bc4 Re8 13. Na3 Ng6 14. g3 Nd4 15. Nxd4 exd4 16. Qb3 dxc3 17. Rad1 Ne5 18. Qxc3 Nxc4 19. Qxc4 Qe6 20. a5 b5 21. axb6 Bxb6 22. Qb4 Ba7 23. Nc4 a5 24. Nxa5 Ba6 25. Rfe1 Qf6 26. Qd2 Bb5 27. b4 Bb6 28. Kg2 Rec8 29. f3 Qc3 30. Qxc3 Rxc3 31. Rd5 Rc2+ 32. Kh3 Ba4 33. Ra1 Bc6 34. Rdd1 Bxa5 35. bxa5 Bb5 36. Rdb1 Be2 37. a6 Bxf3 38. a7 Rcc8 39. Rb8 Bxe4 40. Rc1 Bc6 41. Rxc8+ Rxc8 42. Rxc6 dxc6 43. Bb8 1-0

[Event "45th Olympiad 2024"]
[Site "Budapest HUN"]
[Date "2024.09.21"]
[Round "10.67"]
[Board "2"]
[White "Lill, Sami"]
[Black "Jamal, Hamid Harmon Gulamo"]
[Result "0-1"]
[WhiteElo "1902"]
[BlackElo "1959"]
[PlyCount "92"]
[EventDate "2024.09.11"]
[WhiteTeam "Bermuda"]
[BlackTeam "Mozambique"]
[WhiteTeamCountry "BER"]
[BlackTeamCountry "MOZ"]

1. d4 Nf6 2. c4 g6 3. Nc3 Bg7 4. Nf3 O-O 5. Bf4 d6 6. h3 Nbd7 7. e3 Re8 8. Be2 c6 9. O-O Qc7 10. b4 ({RR} 10. Bh2 Qa5 11. Qd2 a6 12. Rfd1 c5 13. Rac1 Rb8 14. a3 cxd4 15. Nxd4 Qd8 16. b4 Nf8 17. c5 e5 18. Nf3 d5 19. Bxe5 Ra8 20. Nxd5 Ne4 21. Qb2 Bxe5 22. Nxe5 Bxh3 23. gxh3 Qg5+ 24. Ng4 h5 {1-0 Tica,S (2402)-Perez,M (2417) Titled Tuesday intern op 17th Nov blitz 2020 (11)}) ({RR} 10. Bh2 e5 11. c5 Nd5 12. cxd6 Qxd6 13. dxe5 Qe6 14. Nd4 Qe7 15. Nxd5 cxd5 16. Nb5 Nxe5 17. Qxd5 Be6 18. Qd6 Bc4 19. Rfe1 a6 20. Qxe7 Rxe7 21. Nd4 Bxe2 22. Rxe2 Nc4 23. Rc1 b5 24. b3 Bxd4 {1-0 Pakleza,Z (2496)-Renjith,S (2172) Titled Tue 3rd Jan Early 2023 (10)}) 10... a5 11. b5 $146 ({RR} 11. a3 e5 12. Bh2 axb4 13. axb4 Rxa1 14. Qxa1 Qb6 15. c5 Qd8 16. cxd6 exd4 17. exd4 Nb6 18. b5 Nbd5 19. Bc4 Bf8 20. bxc6 bxc6 21. Nxd5 cxd5 22. Bb5 Bd7 23. Bd3 Ne4 24. Qa6 Re6 25. Qb7 Bxd6 {0-1 Pogonina,N-Karnaukhova,E (2029) RUS-ch U14 Girls 1999}) ({RR} 11. a3 axb4 12. axb4 Rxa1 13. Qxa1 Qb6 14. c5 dxc5 15. bxc5 Qd8 16. Rd1 e6 17. Qa4 Nd5 18. Nxd5 exd5 19. Rb1 h6 20. Bd3 Kh7 21. Nd2 Nf6 22. Nb3 Ne4 23. Qa7 Qh4 24. Rb2 Qe7 25. Ra2 Bf6 {½-½ Cronan,J-Jones,B (2184) Doeberl Cup 41st 2003 (2)}) 11... c5 12. a4 Nb6 13. Nd2 cxd4 14. exd4 e5 15. dxe5 dxe5 16. Bh2 Be6 17. Rc1 Rac8 18. Ncb1 Red8 19. c5 Nbd5 20. c6 b6 21. Bf3 Nf4 22. Bxf4 exf4 23. Qc2 Nd5 24. Ne4 Nb4 25. Qe2 Bb3 26. Nbc3 Rd4 27. Nd2 Be6 28. Rfd1 Rcd8 29. Nde4 Bc4 30. Rxd4 Rxd4 31. Qb2 Nd3 32. Qc2 Nxc1 33. Qxc1 h6 34. Nd2 Be6 35. Qc2 Kh7 36. h4 Qd8 37. Nf1 Rc4 38. Qd1 Qxh4 39. Bd5 Rxc3 40. Bxe6 fxe6 41. Qd7 f3 42. gxf3 Qh3 43. c7 Rc1 44. Qd3 Rxc7 45. Qd2 Qxf3 46. Kh2 Rc4 0-1

[Event "45th Olympiad 2024"]
[Site "Budapest HUN"]
[Date "2024.09.21"]
[Round "10.67"]
[Board "3"]
[White "Napoleao, Lourenco"]
[Black "Gontcharov, Dimitri"]
[Result "1-0"]
[WhiteElo "1913"]
[BlackElo "1653"]
[PlyCount "91"]
[EventDate "2024.09.11"]
[WhiteTeam "Mozambique"]
[BlackTeam "Bermuda"]
[WhiteTeamCountry "MOZ"]
[BlackTeamCountry "BER"]

1. d4 Nf6 2. Nc3 d5 3. Bf4 a6 4. e3 e6 5. Nf3 c5 6. Bd3 c4 7. Be2 b5 8. O-O Bb7 9. a3 Nc6 10. Re1 Be7 11. Ne5 O-O 12. Bf3 Qb6 $146 ({RR} 12... b4 13. Na4 Nxe5 14. dxe5 Nd7 15. axb4 Bxb4 16. c3 Be7 17. e4 Nc5 18. Nxc5 Bxc5 19. exd5 Bxd5 20. Bg3 Qb6 21. Bxd5 Rad8 22. b4 Be7 23. Qa4 exd5 24. Qxa6 Qxa6 25. Rxa6 d4 26. cxd4 Bxb4 27. Rc1 {½-½ Papayan,O (2183)-Injac,T (2424) Titled Tue 18th Jun Early 2024 (6)}) ({RR} 12... Rc8 13. h3 Nxe5 14. Bxe5 Nd7 15. Bh2 f5 16. Ne2 Nf6 17. Nf4 Qd7 18. c3 Bc6 19. Nh5 Nxh5 20. Bxh5 Bd6 21. Bf4 Qc7 22. g3 Rb8 23. Bxd6 Qxd6 24. f4 a5 25. Rc1 Rb6 26. Rc2 b4 27. axb4 {0-1 Eilers,S (2300)-Zhigalko,S (2572) Titled Tue 30th May Late 2023 (1)}) ({RR} 12... Nxe5 13. dxe5 Nd7 14. e4 d4 15. Qxd4 Bc5 16. Qd2 Nxe5 17. Qxd8 Nxf3+ 18. gxf3 Rfxd8 19. Rad1 Kf8 20. Be3 Be7 21. Bb6 Rxd1 22. Rxd1 Ke8 23. Kg2 Bc6 24. Ba5 Ra7 25. Kg3 Rd7 26. Rxd7 Kxd7 27. f4 {½-½ Almeida Quintana,O (2515)-Vorontsov,P (2492) Capablanca Memorial op 52nd 2017 (5)}) 13. h4 Nxe5 14. dxe5 Nd7 15. h5 h6 16. Bg3 Rfd8 17. Ne2 Qc7 18. Qd4 Bc5 19. Qf4 Ba7 20. Rad1 Bb8 21. Qh4 Qb6 22. Qh2 Nc5 23. Nd4 Qc7 24. Bg4 Re8 25. f4 Ne4 26. Bh4 Ba7 27. c3 Bc5 28. Bf3 Be7 29. Bxe4 Bxh4 30. Qxh4 dxe4 31. g4 Qe7 32. g5 Kh8 33. Rd2 Rad8 34. Rg2 Rg8 35. Kh2 Rde8 36. Reg1 Kh7 37. Rg3 Bd5 38. R1g2 Qd8 39. Qh3 f5 40. gxh6 gxh6 41. Rg6 Rxg6 42. Rxg6 Qe7 43. Rf6 Rg8 44. Nxf5 exf5 45. Qxf5+ Kg7 46. Rg6+ 1-0

[Event "45th Olympiad 2024"]
[Site "Budapest HUN"]
[Date "2024.09.21"]
[Round "10.67"]
[Board "4"]
[White "Dennis, Nathan"]
[Black "Farisse, Joao"]
[Result "0-1"]
[WhiteElo "1828"]
[BlackElo "1851"]
[PlyCount "74"]
[EventDate "2024.09.11"]
[WhiteTeam "Bermuda"]
[BlackTeam "Mozambique"]
[WhiteTeamCountry "BER"]
[BlackTeamCountry "MOZ"]

1. d4 Nf6 2. Nf3 d5 3. Bg5 e6 4. c3 Be7 5. Nbd2 Nbd7 6. h3 ({RR} 6. e3 h6 7. Bh4 b6 8. Bd3 Bb7 9. O-O c5 10. Qe2 a6 11. a3 Nb8 {½-½ Lysyj,I (2527)-Pilavov,G (2550) Zudov Memorial 2006 (11)}) 6... c5 ({RR} 6... O-O 7. e3 b6 8. Bd3 Bb7 9. Qe2 Ne4 10. Bxe7 Qxe7 11. Ba6 Bxa6 12. Qxa6 f5 13. Qe2 c5 14. Rd1 Rac8 15. a3 Rf6 16. Ne5 Nxe5 17. dxe5 Rg6 18. Nxe4 fxe4 19. f4 exf3 20. gxf3 Qh4+ 21. Qf2 {0-1 Szollosi,L (2113)-Felmery,M (2114) HUN-chT2 Maroczy 1819 2018 (2.8)}) 7. e3 O-O 8. Be2 Qc7 $146 ({RR} 8... b6 9. O-O Bb7 10. Rc1 Rc8 11. Re1 Ne8 12. Bf4 h6 13. Bd3 Bd6 14. Bxd6 Nxd6 15. Bb1 Nf6 16. Qe2 Qd7 17. Ne5 Qb5 18. Qxb5 Nxb5 19. Bd3 Nd6 20. f3 Rfd8 21. Kf2 Nd7 22. Nxd7 Rxd7 23. Nb1 {½-½ Smith,L (1648)-Howard,E (1904) BCF-chT2 9798 (4NCL) 1997 (3.8)}) 9. e4 cxd4 10. Nxd4 h6 11. Bh4 dxe4 12. Nxe4 Nxe4 13. Bxe7 Re8 14. Ba3 e5 15. Nb3 Ndf6 16. Qc2 Bf5 17. Bd3 Rad8 18. O-O Bg6 19. Rad1 Bh5 20. Be2 Rxd1 21. Rxd1 Bg6 22. Bd3 Bh5 23. Be2 Ng5 24. Bxh5 Nxh5 25. h4 Ne6 26. Bd6 Qc6 27. Bxe5 Nef4 28. Bxf4 Nxf4 29. f3 Ne2+ 30. Kf2 Qc7 31. Nd4 Qg3+ 32. Kf1 Nf4 33. Qf2 Qg6 34. g3 Qa6+ 35. Ne2 Rxe2 36. Qc5 Re1+ 37. Kf2 Qe2# 0-1

[Event "45th Olympiad 2024"]
[Site "Budapest HUN"]
[Date "2024.09.21"]
[Round "10.68"]
[Board "1"]
[White "Muhammed, Shuaau"]
[Black "Wu, Li"]
[Result "1/2-1/2"]
[WhiteElo "2052"]
[BlackElo "2325"]
[PlyCount "76"]
[EventDate "2024.09.11"]
[WhiteTeam "Maldives"]
[BlackTeam "Isle of Man"]
[WhiteTeamCountry "MDV"]
[BlackTeamCountry "IOM"]

1. e4 c5 2. Nf3 Nc6 3. d4 cxd4 4. Nxd4 g6 5. c4 Nf6 6. Nc3 d6 7. f3 Bg7 8. Be3 O-O 9. Qd2 Nxd4 10. Bxd4 Bd7 ({RR} 10... Qa5 11. Bd3 Be6 12. Ne2 Qxd2+ 13. Kxd2 Nd7 14. Bxg7 Kxg7 15. Nd4 Nc5 16. Rhe1 Bd7 17. e5 Rfd8 18. exd6 Ba4 19. Bf1 Rxd6 20. Kc3 Rad8 21. Nb3 Ne6 22. Nc1 Kf6 23. Nd3 b6 24. Nf2 Bc6 25. Rad1 {0-1 Graf,A (2575)-Ivanchuk,V (2695) Tilburg 1994 (3)}) 11. O-O-O Qa5 ({RR} 11... Rc8 12. Kb1 a6 13. Nd5 Nxd5 14. cxd5 Bxd4 15. Qxd4 Qa5 16. h4 h5 17. g4 hxg4 18. h5 g5 19. h6 f6 20. fxg4 Qc5 21. Qd2 Ba4 22. b3 Bd7 23. Rh5 Qc3 24. Rxg5+ fxg5 25. Qxg5+ Kh8 26. e5 {0-1 Parfenov,V (2193)-Kuzubov,Y (2606) Titled Tue 28th May Early 2024 (1)}) 12. Kb1 Rfc8 $146 ({RR} 12... Kh8 13. g4 Be6 14. h4 h5 15. g5 Nd7 16. Bxg7+ Kxg7 17. Qd4+ Qe5 18. f4 Qxd4 19. Rxd4 f6 20. Nd5 Bxd5 21. exd5 fxg5 22. hxg5 Nc5 23. b4 e5 24. dxe6 Nxe6 25. Rxd6 Nxf4 26. Rd7+ Rf7 27. Rxf7+ {1-0 Bue,G-Fystro,O NOR-chB op Gausdal 2000 (4)}) 13. Be2 Be6 14. Nd5 Qxd2 15. Rxd2 Nxd5 16. cxd5 Bd7 17. Bxg7 Kxg7 18. Rc1 Rxc1+ 19. Kxc1 Rc8+ 20. Rc2 f5 21. Rxc8 Bxc8 22. exf5 Bxf5 23. Kd2 Kf6 24. Ke3 Ke5 25. Bc4 g5 26. g3 Bg6 27. b4 Bf7 28. f4+ gxf4+ 29. gxf4+ Kf5 30. h3 Kg6 31. Kf3 Kh5 32. Kg3 Bg6 33. Be2+ Kh6 34. Bg4 Bf7 35. Bf3 b6 36. a3 Bg6 37. Bg4 Bf7 38. Bf3 Bg6 1/2-1/2

[Event "45th Olympiad 2024"]
[Site "Budapest HUN"]
[Date "2024.09.21"]
[Round "10.68"]
[Board "2"]
[White "Ormsby, Alan"]
[Black "Mohamed, Hassan MDV"]
[Result "0-1"]
[WhiteElo "1914"]
[BlackElo "1880"]
[PlyCount "80"]
[EventDate "2024.09.11"]
[WhiteTeam "Isle of Man"]
[BlackTeam "Maldives"]
[WhiteTeamCountry "IOM"]
[BlackTeamCountry "MDV"]

1. d4 Nf6 2. Bg5 e6 3. e3 Be7 4. Bd3 b6 5. Nd2 Bb7 6. Ngf3 d6 7. c3 Nbd7 8. O-O O-O 9. a4 ({RR} 9. Re1 Nd5 10. Bxe7 Qxe7 11. Bf1 N5f6 12. a4 a6 13. Qc2 Rac8 14. Rad1 Rfd8 15. h3 h6 16. Qb3 d5 17. Qa2 c5 18. Qa3 e5 19. dxe5 Nxe5 20. a5 b5 21. Nxe5 Qxe5 22. b4 cxb4 23. cxb4 d4 {½-½ Bryzgalin,K (2424)-Moiseenko,V (2528) RUS-chT rapid 2016 (3.4)}) ({RR} 9. Qc2 h6 10. Bh4 e5 11. Bxf6 Bxf6 12. Rad1 g6 13. h4 Bg7 14. h5 g5 15. Bh7+ Kh8 16. Bf5 Nf6 17. dxe5 dxe5 18. Ne4 Qe7 19. Nxf6 Qxf6 20. e4 Bc8 21. g4 Bxf5 22. exf5 Rad8 23. Nd2 Qc6 {½-½ Floresvillar Gonzalez,L (2019)-Doluhanova,E (2230) Titled Tue 12th Sep Early 2023 (9)}) 9... a6 10. Re1 $146 ({RR} 10. Bxf6 Bxf6 11. b4 Re8 12. Qe2 h6 13. Nc4 e5 14. Bf5 g6 15. Bh3 e4 16. Nfd2 Nf8 17. Nb3 Nh7 18. g3 Ng5 19. Bg2 Qd7 20. Rfd1 Qf5 21. Ncd2 Nf3+ 22. Bxf3 exf3 23. Qf1 Qh5 24. Rac1 Bg5 {0-1 Klasen,H-Loef,D RLPF-ch U20 Wolfstein 1994}) 10... Nh5 11. Bxe7 Qxe7 12. b4 Nhf6 13. e4 e5 14. a5 b5 15. d5 Rfb8 16. Nf1 g6 17. Qd2 Kg7 18. Rad1 h6 19. Bb1 Nh5 20. g3 Nf8 21. Ne3 Bc8 22. Nh4 Qg5 23. Nf3 Qf6 24. Qe2 Bh3 25. Kh1 Nh7 26. Ng1 Bd7 27. Nf5+ Kf8 28. Nxh6 Qg5 29. Nxf7 Kxf7 30. f4 exf4 31. Nf3 Qh6 32. Kg1 fxg3 33. e5 gxh2+ 34. Qxh2 Bg4 35. exd6 Bxf3 36. Re7+ Kg8 37. Rf1 Qg5+ 38. Kf2 cxd6 39. Qxd6 Rf8 40. Qe6+ Kh8 0-1

[Event "45th Olympiad 2024"]
[Site "Budapest HUN"]
[Date "2024.09.21"]
[Round "10.68"]
[Board "3"]
[White "Hussain, Nimal"]
[Black "Gumireddy, Sanjay"]
[Result "0-1"]
[WhiteElo "1805"]
[BlackElo "1907"]
[PlyCount "102"]
[EventDate "2024.09.11"]
[WhiteTeam "Maldives"]
[BlackTeam "Isle of Man"]
[WhiteTeamCountry "MDV"]
[BlackTeamCountry "IOM"]

1. d4 Nf6 2. Nf3 c5 3. e3 e6 4. b3 Nc6 5. Bb2 cxd4 6. Nxd4 ({RR} 6. exd4 b6 7. Bd3 Bb7 8. a3 d5 9. O-O Bd6 10. Nbd2 O-O 11. Ne5 Rc8 12. f4 Ne7 13. Qe2 Bb8 14. Rae1 Nf5 15. Kh1 Nd6 16. c4 Nde4 17. f5 exf5 18. Rxf5 g6 19. Rff1 Nxd2 20. Qxd2 Nh5 {0-1 Li,R (2541)-Krallis,C (2339) Titled Tue 7th Mar Late 2023 (2)}) 6... d5 ({RR} 6... Be7 7. Nxc6 dxc6 8. Bd3 Qa5+ 9. Nd2 e5 10. O-O Be6 11. Nc4 Bxc4 12. Bxc4 Ba3 13. Qc1 Bxb2 14. Qxb2 O-O 15. b4 Qc7 16. h3 Rfd8 17. Rfd1 Rd6 18. Rxd6 Qxd6 19. Be2 Qe7 20. Rd1 g6 21. Bc4 {½-½ Nakamura,H (2769)-Anand,V (2759) Paris GCT blitz 2018 (2)}) 7. Be2 Qa5+ $146 ({RR} 7... Be7 8. O-O O-O 9. Nd2 Bd7 10. c4 dxc4 11. Nxc4 Nb4 12. a3 Nbd5 13. Rc1 Rc8 14. Bd3 a6 15. Bb1 b5 16. Ne5 Bd6 17. Nxd7 Qxd7 18. Ne2 Be7 19. e4 Nb6 20. Qxd7 Nbxd7 21. Nd4 Nc5 22. f3 {½-½ Chernikov,V (1729)-Kasumov,R UKR-ch sf U14 2008 (5)}) ({RR} 7... Bb4+ 8. c3 Be7 9. Nd2 O-O 10. Rc1 Nxd4 11. cxd4 Bd7 12. O-O Qb6 13. Nf3 Rfc8 14. Ne5 a5 15. Nxd7 Nxd7 16. Qd3 Rc6 17. Qb5 Qc7 18. a4 Bb4 19. Qd3 Rc8 20. Qb1 Nf6 21. Bb5 Rxc1 22. Rxc1 {1-0 Greifoner,S-Sakelsek,T (2147) SLO-ch U16 Maribor 2001}) 8. c3 Be7 9. O-O O-O 10. Nd2 Bd7 11. f4 Rac8 12. Bd3 Nxd4 13. cxd4 Bb5 14. Qe2 Bxd3 15. Qxd3 Bb4 16. Nb1 Ne4 17. a3 Bd6 18. Rd1 Rc6 19. Nd2 f5 20. b4 Qa4 21. Nb3 b6 22. Rac1 Rfc8 23. Rxc6 Rxc6 24. Rc1 Rxc1+ 25. Bxc1 Qc6 26. Bb2 Kf7 27. Nc1 Qc7 28. Ne2 g5 29. g3 Be7 30. Kg2 g4 31. Nc3 Nd6 32. Bc1 h5 33. Bd2 h4 34. Be1 h3+ 35. Kf2 Qc4 36. Qxc4 Nxc4 37. Nb1 b5 38. Ke2 Ke8 39. Bd2 Kd7 40. Bc1 Kc6 41. Kd3 Kb6 42. Ke2 a5 43. bxa5+ Kxa5 44. Kf2 Nd6 45. Kf1 Ne4 46. Bd2+ Ka4 47. Be1 Bxa3 48. Ke2 Bb4 49. Nd2 Bxd2 50. Bxd2 Nxg3+ 51. Kd3 Nf1 0-1

[Event "45th Olympiad 2024"]
[Site "Budapest HUN"]
[Date "2024.09.21"]
[Round "10.68"]
[Board "4"]
[White "Miah, Zahed"]
[Black "Abdul Rahman, Ali"]
[Result "0-1"]
[WhiteElo "1895"]
[BlackElo "1844"]
[PlyCount "66"]
[EventDate "2024.09.11"]
[WhiteTeam "Isle of Man"]
[BlackTeam "Maldives"]
[WhiteTeamCountry "IOM"]
[BlackTeamCountry "MDV"]

1. e4 e6 2. d4 d5 3. e5 c5 4. c3 Nc6 5. Nf3 Bd7 6. Bd3 Qb6 7. dxc5 Bxc5 8. O-O Qc7 9. Re1 Nge7 10. Nbd2 ({RR} 10. Bf4 f5 11. Nbd2 Ng6 12. Nb3 Bxf2+ 13. Kxf2 Nxf4 14. Nbd4 O-O 15. Bf1 Ng6 16. Qe2 a6 17. h4 Nge7 18. h5 h6 19. Qe3 f4 20. Qd2 Nf5 21. Bd3 Ng3 22. Bg6 Qb6 23. Kg1 Be8 24. Kh2 Bxg6 {0-1 Subervi,J (2048)-Dai,C (2502) Titled Tue 11th Jun Early 2024 (4)}) 10... Ng6 11. Qe2 $146 ({RR} 11. Nb3 Bb6 12. Qe2 a6 13. Bg5 h6 14. Bd2 Nge7 15. Rac1 f5 16. exf6 gxf6 17. Nfd4 e5 18. Qh5+ Kd8 19. Nf5 Nxf5 20. Bxf5 Bxf5 21. Qxf5 Qd6 22. Be3 Bxe3 23. Rxe3 Ne7 24. Qd3 Kc7 25. Rce1 Rag8 {0-1 Machado,G (1975)-Reis,E (2025) Brasilia Taca BCX op 2006 (2)}) ({RR} 11. Nb3 Bb6 12. Qe2 O-O 13. Nbd4 a6 14. h4 f6 15. Bxg6 hxg6 16. Bf4 Nxd4 17. Nxd4 Bxd4 18. cxd4 f5 19. Rac1 Qa5 20. Qe3 Rfc8 21. Qg3 Kf7 22. Qb3 Bb5 23. a3 Qa4 24. Qe3 Rc2 25. Rxc2 Qxc2 {1-0 Grischuk,A (2764)-Moskalenko,A (2514) Titled Tuesday intern op 04th Jan blitz 2022 (6)}) ({RR} 11. Nb3 Bb6 12. Qe2 a6 13. h4 Nge7 14. Nbd4 Qc8 15. g4 h5 16. g5 g6 17. Bf4 Qc7 18. Rac1 Rc8 19. Qd2 Qd8 20. b4 Na7 21. Bh2 Nf5 22. Nxf5 exf5 23. Qf4 Be6 24. Nd4 Qd7 25. Qd2 Nc6 {0-1 De Vidal,A-Silva,L (1397) Sao Paulo Hebraica op 28th 2022 (5)}) ({RR} 11. Bxg6 hxg6 12. Nb3 Bb6 13. Nbd4 a6 14. Bf4 f6 15. Bg3 f5 16. Nxc6 Bxc6 17. Nd4 Bd7 18. Qd2 Rh5 19. f4 O-O-O 20. h3 Rdh8 21. Rac1 Qd8 22. Kh1 g5 23. fxg5 Qxg5 24. Qxg5 Rxg5 25. Bh2 Rgh5 {½-½ Demko,L (1604)-Krestian,D (1000) Liptovsky Jan Slovak op U2200 2021 (4)}) 11... Nf4 12. Qf1 Nxd3 13. Qxd3 a5 14. Nb3 Bb6 15. Be3 Ne7 16. Bxb6 Qxb6 17. Nbd4 h6 18. h4 Ng6 19. g3 Rc8 20. a4 Qxb2 21. Reb1 Qxc3 22. Qxc3 Rxc3 23. Rxb7 Ne7 24. Nb5 Rxf3 25. Nd6+ Kd8 26. Rb8+ Bc8 27. Kg2 Rc3 28. Nxf7+ Kc7 29. Rab1 Rf8 30. Nd6 Kd7 31. R1b6 Rc2 32. Nb5 Nc6 33. Nd6 Nxb8 0-1